ბათუმის შოთა რუსთაველის სახელმწიფო უნივერსიტეტის ბიბლიოთეკა

მამულისათვის თავდადებული : (ბიბ.ჩანაწერი № 60113)

000 -ლიდერი
ფიქსირებული სიგრძის საკონტროლო ველი 01406nam a22002297a 4500
003 - საკონტროლო ნომრის იდენტიფიკატორი
საკონტროლო ველი Ge_BSU
005 - ბოლო ოპერაციის თარიღი და დრო
საკონტროლო ველი 20230609130207.0
008 - ფიქსირებული სიგრძის მონაცემთა ელემენტები - ზოგადი ინფორმაცია
ფიქსირებული სიგრძის საკონტროლო ველი 230609s2016 ge ||||| |||| 00| 0 geo d
020 ## - წიგნის საერთაშორისო სტანდარტული ნომერი
International Standard Book Number 9789941460302
041 ## - ენის კოდი
Language code of text/sound track or separate title geo
080 ## - უნივერსალური ათობითი კლასიფიკაციის ინდექსი
Universal Decimal Classification number 929(479.22)+821.353.1-94 მ-25
245 ## - ცნობა სათაურის შესახებ
Title მამულისათვის თავდადებული :
Remainder of title [ჟიული შარტავა] /
Statement of responsibility, etc რედაქტორი ცისანა ანთაძე ; წინათქმა ნათელა დუმბაძე.
264 ## - წარმოების, გამოცემის, დისტრიბუციის და სხვა ცნობები
გამოცემის, წარმოების, დისტრიბუციის... ადგილი ბათუმი :
გამოცემის, წარმოების, დისტრიბუციის... სახელწოდება ს.ს. ”გამომცემლობა აჭარა,
გამოცემის, წარმოების, დისტრიბუციის... თარიღი 2016.
300 ## - ფიზიკური აღწერა
Extent 412 გვ. :
Other physical details ფოტ. ;
Dimensions 20 სმ.
500 ## - ზოგადი შენიშვნა
General note წიგნი იბეჭდება ქ. ბათუმის მერიის მხარდაჭერითა და თანადგომით.
520 ## - SUMMARY, ETC.
Summary, etc რეზიუმე ქართ., ინგლ. და რუს. ენებზე
653 ## - INDEX TERM--UNCONTROLLED
Uncontrolled term შარტავა, ჟიული, 1944-1993.
653 ## - INDEX TERM--UNCONTROLLED
Uncontrolled term ცნობილ ქართველ ადამიანთა ბიოგრაფიები.
700 ## - ADDED ENTRY--PERSONAL NAME
Personal name ანთაძე, ცისანა
Relator term რედაქტორი
9 (RLIN) 4062
700 ## - ADDED ENTRY--PERSONAL NAME
Personal name დუმბაძე, ნათელა
Relator term წინასიტყვაობის ავტორი
9 (RLIN) 11584
942 ## - ADDED ENTRY ELEMENTS (KOHA)
Source of classification or shelving scheme
Koha item type წიგნი
ეგზემპლარები
ჩამოწერის სტატუსი დაკარგული ეგზემპლარის სტატუსი კლასიფიკაციის წყარო ან თაროზე გაწყობის სქემა დაზიანების სტატუსი არ გაიცემა მუდმივი მდებარეობა (დაცვის ადგილი) ამჟამინდელი ადგილსამყოფელი თაროზე განთავსების ადგილი შეძენის თარიღი ღირებულება, შესყიდვის ნორმალური ფასი სრული შენახვის შიფრი შტრიხკოდი ბოლო ოპერაციის თარიღი ეგზემპლარის მიმდევრობითი ნომერი (კეტერი?) Uniform Resource Identifier ფასის ძალაში შესვლის თარიღი ეგზემპლარის სახეობა საჯარო შენიშვნა
          ბათუმის შოთა რუსთაველის სახელმწიფო უნივერსიტეტის მთავარი ბიბლიოთეკა ბათუმის შოთა რუსთაველის სახელმწიფო უნივერსიტეტის მთავარი ბიბლიოთეკა წიგნსაცავი 2023-06-09 8.00 929(479.22)+821.353.1-94 მ-25 64578 2023-06-09 64578 ბსუ-ს საპატიო დოქტორის გურამ ლორთქიფანიძის საჩუქარი 2023-06-09 წიგნი 8 ლ.